Cayaṅkoṇṭārin̲ Kaliṅkattup paraṇi : (Record no. 68260)
[ view plain ]
| 000 -LEADER | |
|---|---|
| fixed length control field | 00819cam a2200265 i 4500 |
| 001 - CONTROL NUMBER | |
| control field | sa 66002266 |
| 003 - CONTROL NUMBER IDENTIFIER | |
| control field | DLC |
| 005 - DATE AND TIME OF LATEST TRANSACTION | |
| control field | 20260227112228.0 |
| 008 - FIXED-LENGTH DATA ELEMENTS--GENERAL INFORMATION | |
| fixed length control field | 811028s1963 ii j 000 0 tam |
| 010 ## - LIBRARY OF CONGRESS CONTROL NUMBER | |
| LC control number | sa 66002266 |
| 025 ## - OVERSEAS ACQUISITION NUMBER | |
| Overseas acquisition number | PL480:I-T-954 |
| 040 ## - CATALOGING SOURCE | |
| Original cataloging agency | DLC |
| Transcribing agency | DLC |
| Modifying agency | DLC |
| 050 00 - LIBRARY OF CONGRESS CALL NUMBER | |
| Classification number | PL4758.9.C37 |
| Item number | K3 1963 |
| 100 0# - MAIN ENTRY--PERSONAL NAME | |
| Personal name | Cayaṅkoṇṭār. |
| 240 10 - UNIFORM TITLE | |
| Uniform title | Kaliṅkattup paraṇi |
| 245 10 - TITLE STATEMENT | |
| Title | Cayaṅkoṇṭārin̲ Kaliṅkattup paraṇi : |
| Remainder of title | Puliyūrk Kēcikan̲ teḷivuraiyuṭaṇ. |
| 250 ## - EDITION STATEMENT | |
| Edition statement | [3. patippu]. |
| 260 ## - PUBLICATION, DISTRIBUTION, ETC. | |
| Place of publication, distribution, etc. | Cen̲n̲ai : |
| Name of publisher, distributor, etc. | Pāri Nilaiyam, |
| Date of publication, distribution, etc. | [1963] |
| 300 ## - PHYSICAL DESCRIPTION | |
| Extent | 288 p. : |
| Other physical details | geneal. table ; |
| Dimensions | 18 cm. |
| 500 ## - GENERAL NOTE | |
| General note | In Tamil. |
| 500 ## - GENERAL NOTE | |
| General note | Poem. |
| 600 00 - SUBJECT ADDED ENTRY--PERSONAL NAME | |
| Personal name | Kulottunga |
| Numeration | I, |
| Titles and other words associated with a name | Chola King, |
| Dates associated with a name | active 1070-1118 |
| General subdivision | Poetry. |
| 700 0# - ADDED ENTRY--PERSONAL NAME | |
| Personal name | Puliyūrk Kēcikan̲. |
| 740 0# - ADDED ENTRY--UNCONTROLLED RELATED/ANALYTICAL TITLE | |
| Uncontrolled related/analytical title | Kaliṅkattup paraṇi. |
No items available.